000
00283nam a22001217a 4500
008
180831b xxu||||| |||| 00| 0 eng d
041
_a
eng
080
_a
101
100
_a
24
101
_a
FIL
245
_a
The English Philosophers from Bacon to Mill
_c
Burtt, E.A
942
_2
udc
_c
BK
999
_c
47425
_d
47425